| 000 | 00382nam a22001337a 4500 | ||
|---|---|---|---|
| 999 |
_c531589 _d531589 |
||
| 003 | NUST | ||
| 038 | _awaseem | ||
| 082 |
_a540 _bBAS |
||
| 100 |
_aBasha, Fatima Z. _924467 |
||
| 245 |
_aNew Natural Products: _bIsolated at H.E.J. Research Institute of Chemistry(1976-2010) / _cFatima Z. Basha |
||
| 260 |
_aKarachi : _bKhalil Traders, _c2012. |
||
| 300 | _a388 p. ; | ||
| 942 |
_2ddc _cBK |
||